16 Langues Turciques les plus parlées - Statistiques

Statistiques générales
  • Ce quiz a été pris 51 fois
  • Le résultat moyen est 5 sur 16
Statistiques - réponses
Locuteurs Langues % Correct
91 400 000 Turc
100%
34 000 000 Ouzbek
83%
21 000 000 Kazakh
77%
33 100 000 Azéri
71%
7 832 765 Turkmène
44%
4 827 977 Kirghize
40%
13 312 133 Ouïghour
40%
5 427 318 Tatar
40%
1 379 700 Bachkir
13%
1 279 650 Tchouvache
13%
552 740 Tatar de Crimée
8%
717 000 Karakalpak
6%
456 288 Iakoute
4%
446 000 Koumyk
4%
943 000 Turc du Khorassan
4%
995 000 Kachkaï
0%
Aucun quiz correspondant
Distribution des résultats
% des personnes avec chaque résultat
Percentile par nombre de réponses
Votre historique - résultats
Vous n’avez pas pris ce quiz